000 00603nam a2200229Ia 4500
005 20260320201928.0
008 008 262003s9999 xx 000 0 eng d
037 _aEBOOK
040 _aCRL
040 _beng
040 _cCRL
041 _2eng
041 _aeng
084 _qCRL
100 _aDaudi
_91136336
245 0 _aOdoo Development Cookbook: Build effective business applications using the latest features in Odoo 17
260 _bIEEE
856 _uhttps://ieeexplore.ieee.org/servlet/opac?bknumber=10769767
942 _cEBOOK
999 _c1724336
_d1724336